| 000 | 00598nam a2200217Ia 4500 | ||
|---|---|---|---|
| 003 | OSt | ||
| 005 | 20260605164741.0 | ||
| 008 | 210210b2000 xxu||||| |||| 00| 0 eng d | ||
| 020 | _a81 7302 419 7 | ||
| 040 | _cAL | ||
| 041 | _aKannada | ||
| 082 | _a574.5K SHIN | ||
| 100 |
_aSHIVARAMA RAI (P). _dಪಿ. ಶಿವರಾಮ ರೈ _9265366 |
||
| 245 |
_aNamma parisara. _bನಮ್ಮ ಪರಿಸರ |
||
| 260 |
_aBengaluru _bNavakarnataka Prakashana _c2000 |
||
| 300 | _a120 | ||
| 650 |
_aParisara Environment _9265367 |
||
| 690 |
_aEcology _9265368 |
||
| 906 | _a056961 | ||
| 942 |
_2ddc _cBK |
||
| 999 |
_c104318 _d104318 |
||